LEADER 01459nam a2200325 a 4500 001 000000132486 003 CaOOAMICUS 005 20130228110510.0 008 130131s2010 it u000 u ita r 040 $aPUL$bita 082 $a262.52 245 04$aUna missione dal volto umano :$bintroduzione a Ad Gentes /$cA cura di Davide Magni e Marco Ronconi. 260 $aMilano :$bPeriodici San Paolo,$c©2010. 300 $a175 p. ;$c20 cm. 490 1 $aPer leggere il Vaticano II ;$v09 500 $aSupplemento a Jesus. 504 $aBibliografia: p. 174-175. 611 24$aConcilium Vaticanum$n(2 :$d1962-1965)$tAd Gentes.$0(OLS)http://pul/subject/39315 700 1 $aMagni, Davide.$0(OLS)http://pul/name/85322 700 1 $aRonconi, Marco,$d1972-$0(OLS)http://pul/name/69155 830 0$aPer leggere il Vaticano II ;$v09.$0(OLS)http://pul/title/152180 850 $aPUL 852 $aPUL$W1$xSL Religione 3$y85$m262. 52 COLL 1.9$j152457$qDDC 21$B151806$CPULBib$Z2$F151806 $H121543 $82 852 $aPUL$W1$xFondo C.V.II$y119$mSTO DOC 13$j152905$qFondi$B152399$CPULBib$Z2$F152399 $HCVII 67 $82 941 1 $a9 941 1 $a1 996 $6082$a262.52$9(OLS)http://pul/classification/356 996 $6245$aUna missione dal volto umano :$bintroduzione a Ad Gentes$9(OLS)http://pul/title/167383 996 $6260$aMilano :$bPeriodici San Paolo$9(OLS)http://pul/publisher/81263 LEADER 01464nam a2200301 u 4500 001 000000077916 003 CaOOAMICUS 005 20070226123355.0 008 040310s2003 it u000 u ita u 035 $a10986583 040 $aPUL$bita 100 1 $aBorio, Antonio.$0(OLS)http://pul/name/40601 245 12$aL'oratorio degli adolescenti :$bprogetto di oratorio parrocchiale a partire dal tempo libero degli adolescenti /$cAntonio Borio. 260 $aRoma :$bPontificia Universitą Lateranense,$c2003. 300 $aiv, 225 p. ;$c24 cm 500 $a"Excerptum theseos ad Doctoratum in S. Theologia". 502 $aDiss. (Doct.) -- Pontificia Universitą Lateranense. 504 $a"Bibliografia Generale": p. 189-217. 650 4$aOratorio.$0(OLS)http://pul/subject/27047 650 4$aAdolescenti.$0(OLS)http://pul/subject/7187 710 2 $aPontificia Universitą Lateranense.$0(OLS)http://pul/name/287 850 $aPUL 852 $aPUL$W1$xDP1 Tesi Pon Univ. Lateranense$y41$mTH PUL 1147$j100014$nBK-PRI$b $qTesi$B100014$CPULBib$Z2$F100014 $HPUL94359 $81 910 $aPontificio Ateneo Lateranense$9287 910 $aPontificio Ateneo Lateranense$9287 941 1 $a16 996 $6245$aL'oratorio degli adolescenti :$bprogetto di oratorio parrocchiale a partire dal tempo libero degli adolescenti$9(OLS)http://pul/title/102146 996 $6260$aRoma :$bPontificia Universitą Lateranense$9(OLS)http://pul/publisher/47963